[Event "AUT-chT2O 2324"]
[Site "Austria"]
[Date "2024.02.11"]
[Round "9.1"]
[White "Froewis, Georg"]
[Black "Juhasz, Kristof"]
[Result "1/2-1/2"]
[WhiteElo "2461"]
[BlackElo "2484"]
[PlyCount "51"]
[EventDate "2023.10.13"]
[EventType "team-tourn"]
[EventRounds "11"]
[EventCountry "AUT"]
[SourceTitle "EXT 2025"]
[Source "ChessBase"]
[SourceDate "2024.10.14"]
[SourceVersion "1"]
[SourceVersionDate "2024.10.14"]
[SourceQuality "1"]
[WhiteTeam "Ottakring"]
[BlackTeam "Bad Voeslau"]
[WhiteTeamCountry "AUT"]
[BlackTeamCountry "AUT"]

1. Nf3 Nf6 2. c4 e6 3. d4 d5 4. e3 Be7 5. Nc3 0-0 6. b3 c5 7. cxd5 Nxd5 8. Nxd5 exd5 9. dxc5 Bxc5 10. Bd3 Bb4+ 11. Bd2 Bxd2+ 12. Qxd2 Nc6 13. Be2 Bg4 14. Rd1 Qf6 15. Nd4 Bxe2 16. Qxe2 Rfe8 17. Nxc6 bxc6 18. 0-0 a5 19. Qc2 a4 20. Rd3 axb3 21. axb3 Ra1 22. Rxa1 Qxa1+ 23. Rd1 Qf6 24. Rc1 Re6 25. g3 h5 26. Rd1 1/2-1/2

[Event "AUT-chT2O 2324"]
[Site "Austria"]
[Date "2024.01.28"]
[Round "7.1"]
[White "Turcan, Richard"]
[Black "Juhasz, Kristof"]
[Result "1/2-1/2"]
[WhiteElo "2402"]
[BlackElo "2484"]
[PlyCount "26"]
[EventDate "2023.10.13"]
[EventType "team-tourn"]
[EventRounds "11"]
[EventCountry "AUT"]
[SourceTitle "EXT 2025"]
[Source "ChessBase"]
[SourceDate "2024.10.14"]
[SourceVersion "1"]
[SourceVersionDate "2024.10.14"]
[SourceQuality "1"]
[WhiteTeam "Mattersburg"]
[BlackTeam "Bad Voeslau"]
[WhiteTeamCountry "AUT"]
[BlackTeamCountry "AUT"]

1. e4 e5 2. Nf3 Nf6 3. Nxe5 d6 4. Nf3 Nxe4 5. Nc3 Nxc3 6. dxc3 Be7 7. Be3 0-0 8. Qd2 Nd7 9. 0-0-0 Nf6 10. Bd3 Re8 11. Rhe1 Bg4 12. Qe2 Qd7 13. h3 Bf5 1/2-1/2

[Event "AUT-chT2O 2223"]
[Site "Austria"]
[Date "2023.01.21"]
[Round "6.1"]
[White "Juhasz, Kristof"]
[Black "Lipka, Juraj"]
[Result "1/2-1/2"]
[WhiteElo "2486"]
[BlackElo "2383"]
[PlyCount "51"]
[EventDate "2022.10.15"]
[EventType "team-tourn"]
[EventRounds "11"]
[EventCountry "AUT"]
[SourceTitle "CBM 213 Extra"]
[Source "ChessBase"]
[SourceDate "2023.05.31"]
[SourceVersion "1"]
[SourceVersionDate "2023.05.31"]
[SourceQuality "1"]
[WhiteTeam "Bad Voeslau"]
[BlackTeam "Pamhagen"]
[WhiteTeamCountry "AUT"]
[BlackTeamCountry "AUT"]

1. d4 d5 2. c4 e6 3. Nf3 Nf6 4. g3 dxc4 5. Bg2 Bb4+ 6. Bd2 a5 7. Qc2 Nc6 8. Qxc4 Qd5 9. Qd3 Qf5 10. Qxf5 exf5 11. a3 Bd6 12. Nc3 Be6 13. Bf4 Bxf4 14. gxf4 Nd5 15. e3 f6 16. Rc1 Nce7 17. Nd2 Kd7 18. Na4 b6 19. Nc3 Rac8 20. Rg1 Rhg8 21. Ke2 Bf7 22. Bf3 Be6 23. Bh1 Bf7 24. Bf3 Be6 25. Bh1 Bf7 26. Bf3 1/2-1/2

[Event "AUT-chT2O 2223"]
[Site "Austria"]
[Date "2022.11.20"]
[Round "4.1"]
[White "Juhasz, Kristof"]
[Black "Hracek, Zbynek"]
[Result "1/2-1/2"]
[WhiteElo "2486"]
[BlackElo "2542"]
[PlyCount "41"]
[EventDate "2022.10.15"]
[EventType "team-tourn"]
[EventRounds "11"]
[EventCountry "AUT"]
[SourceTitle "CBM 213 Extra"]
[Source "ChessBase"]
[SourceDate "2023.05.31"]
[SourceVersion "1"]
[SourceVersionDate "2023.05.31"]
[SourceQuality "1"]
[WhiteTeam "Bad Voeslau"]
[BlackTeam "Mistelbach/Altlichtenwarth"]
[WhiteTeamCountry "AUT"]
[BlackTeamCountry "AUT"]

1. d4 Nf6 2. c4 e6 3. Nf3 d5 4. Nc3 Be7 5. Bg5 h6 6. Bh4 0-0 7. e3 b6 8. cxd5 Nxd5 9. Bxe7 Qxe7 10. Rc1 Bb7 11. Be2 Rc8 12. 0-0 c5 13. dxc5 Rxc5 14. Nxd5 Bxd5 15. Rxc5 Qxc5 16. Qd2 Nc6 17. Rc1 Qe7 18. a3 Rd8 19. Qc2 Bxf3 20. Bxf3 Ne5 21. Be2 1/2-1/2

[Event "AUT-chT2O 2223"]
[Site "Austria"]
[Date "2022.10.15"]
[Round "1.1"]
[White "Froewis, Georg"]
[Black "Juhasz, Kristof"]
[Result "1/2-1/2"]
[WhiteElo "2445"]
[BlackElo "2486"]
[PlyCount "104"]
[EventDate "2022.10.15"]
[EventType "team-tourn"]
[EventRounds "11"]
[EventCountry "AUT"]
[SourceTitle "EXT 2024"]
[Source "ChessBase"]
[SourceDate "2023.10.10"]
[SourceVersion "1"]
[SourceVersionDate "2023.10.10"]
[SourceQuality "1"]
[WhiteTeam "Ottakring"]
[BlackTeam "Bad Voeslau"]
[WhiteTeamCountry "AUT"]
[BlackTeamCountry "AUT"]

1. Nf3 Nf6 2. c4 g6 3. Nc3 d5 4. cxd5 Nxd5 5. Qb3 Nb6 6. d4 Bg7 7. e4 Bg4 8. Bb5+ c6 9. Ng5 0-0 10. Be2 Bxe2 11. Nxe2 c5 12. dxc5 N6d7 13. Qxb7 Qa5+ 14. Bd2 Qa6 15. Qxa6 Nxa6 16. c6 Bxb2 17. Rb1 Ne5 18. 0-0 Ba3 19. Nd4 Rfc8 20. Be3 Nxc6 21. Ngf3 Kf8 22. Rb5 Nab4 23. Nxc6 Rxc6 24. Rb7 Rcc8 25. Ne5 Nxa2 26. Ra1 Rc2 27. Nf3 Bc1 28. Ne1 Rd8 29. Kf1 Rd1 30. Bh6+ Ke8 31. Rxa7 Nb4 32. Rb7 Na2 33. e5 Rxe1+ 34. Kxe1 Bxh6 35. Rd1 Rc8 36. Rdd7 Bf8 37. f4 Nb4 38. Ke2 Nc6 39. Kf3 Rd8 40. Rdc7 Nd4+ 41. Ke3 Nf5+ 42. Ke4 h5 43. Rc4 e6 44. Rbc7 Be7 45. Rc8 Rxc8 46. Rxc8+ Bd8 47. Ra8 Kd7 48. g3 Bb6 49. Kf3 Nd4+ 50. Ke4 Nf5 51. Kf3 Nd4+ 52. Ke4 Nf5 1/2-1/2

[Event "AUT-chT2O 2122"]
[Site "Austria"]
[Date "2022.04.03"]
[Round "11.1"]
[White "Juhasz, Kristof"]
[Black "Pernerstorfer, Max"]
[Result "1-0"]
[WhiteElo "2478"]
[BlackElo "2088"]
[PlyCount "69"]
[EventDate "2021.10.16"]
[EventType "team-tourn"]
[EventRounds "11"]
[EventCountry "AUT"]
[SourceTitle "EXT 2024"]
[Source "ChessBase"]
[SourceDate "2023.10.10"]
[SourceVersion "1"]
[SourceVersionDate "2023.10.10"]
[SourceQuality "1"]
[WhiteTeam "Bad Voeslau"]
[BlackTeam "Krems Voest"]
[WhiteTeamCountry "AUT"]
[BlackTeamCountry "AUT"]

1. Nf3 Nf6 2. g3 g6 3. Bg2 Bg7 4. c4 d6 5. d4 c6 6. 0-0 0-0 7. Nc3 Nbd7 8. e4 e5 9. h3 Re8 10. Be3 a6 11. d5 c5 12. a4 Rb8 13. Ne1 Nb6 14. b3 Na8 15. Nd3 Nc7 16. a5 Nd7 17. Qd2 f5 18. Bg5 Nf6 19. exf5 gxf5 20. Rab1 Rf8 21. b4 cxb4 22. Nxb4 Qe8 23. c5 dxc5 24. d6 Nb5 25. Nxb5 axb5 26. Nd3 b6 27. axb6 Rxb6 28. Nxc5 Bd7 29. Rfd1 e4 30. Qa2+ Rf7 31. Bf1 h6 32. Bxf6 Bxf6 33. Be2 e3 34. Bh5 exf2+ 35. Kxf2 1-0

[Event "HUN-chT 2122"]
[Site "Hungary"]
[Date "2022.01.30"]
[Round "5.4"]
[White "Juhasz, Kristof"]
[Black "Bagi, Mate"]
[Result "1-0"]
[WhiteElo "2483"]
[BlackElo "2476"]
[PlyCount "53"]
[EventDate "2021.10.10"]
[EventType "team-tourn"]
[EventRounds "9"]
[EventCountry "HUN"]
[SourceTitle "EXT 2023"]
[Source "ChessBase"]
[SourceDate "2022.10.05"]
[SourceVersion "1"]
[SourceVersionDate "2022.10.05"]
[SourceQuality "1"]
[WhiteTeam "Biatorbagy"]
[BlackTeam "Ajka Sentimento"]
[WhiteTeamCountry "HUN"]
[BlackTeamCountry "HUN"]

1. d4 Nf6 2. Nf3 g6 3. g3 Bg7 4. Bg2 d5 5. 0-0 0-0 6. c4 c6 7. Qb3 Qb6 8. Nc3 Rd8 9. Rd1 Bf5 10. Ne1 Be6 11. c5 Qxb3 12. axb3 Na6 13. Bf4 Bf5 14. h3 h5 15. f3 Nd7 16. g4 e5 17. Bxe5 Bxe5 18. gxf5 Bf4 19. fxg6 fxg6 20. Nc2 Nc7 21. e3 Bh6 22. f4 g5 23. e4 dxe4 24. Nxe4 gxf4 25. Nd6 b6 26. Bxc6 bxc5 27. Nb7 1-0

[Event "Titled Tuesday intern op 02nd Feb"]
[Site "Chess.com INT"]
[Date "2021.02.02"]
[Round "9"]
[White "Juhasz, Kristof"]
[Black "Mohammad Fahad, Rahman"]
[Result "1-0"]
[WhiteElo "2474"]
[BlackElo "2319"]
[PlyCount "87"]
[EventDate "2021.02.02"]
[EventType "swiss (blitz)"]
[EventRounds "11"]
[EventCountry "USA"]
[SourceTitle "CBM 200 Extra"]
[Source "ChessBase"]
[SourceDate "2021.03.31"]
[SourceVersion "1"]
[SourceVersionDate "2021.03.31"]
[SourceQuality "1"]

1. d4 Nf6 2. c4 g6 3. Nc3 Bg7 4. e4 d6 5. Be2 0-0 6. Bg5 Na6 7. Qd2 c5 8. d5 Nc7 9. Nf3 a6 10. a4 e6 11. 0-0 exd5 12. exd5 Bg4 13. h3 Bxf3 14. Bxf3 Qd7 15. a5 Qf5 16. Qf4 Qxf4 17. Bxf4 Rad8 18. Rfe1 Rfe8 19. g4 h6 20. Kg2 g5 21. Bg3 Kf8 22. Rad1 Ng8 23. Ne4 Be5 24. Bxe5 Rxe5 25. Ng3 Rde8 26. Rxe5 Rxe5 27. Ne4 Ne8 28. Rd3 Ne7 29. Rb3 f5 30. gxf5 Nxf5 31. Rxb7 Nh4+ 32. Kg3 Ng7 33. Rb8+ Ke7 34. Rb7+ Kf8 35. Nxd6 Re1 36. Bg4 h5 37. Rf7+ Kg8 38. Bd7 Ng6 39. Rf6 Ne5 40. Be6+ Kh7 41. Bf7 h4+ 42. Kg2 Rb1 43. Ne4 Kh8 44. Rh6# 1-0

[Event "Titled Tuesday intern op 02nd Feb"]
[Site "Chess.com INT"]
[Date "2021.02.02"]
[Round "6"]
[White "Juhasz, Kristof"]
[Black "Stocek, Jiri"]
[Result "1-0"]
[WhiteElo "2474"]
[BlackElo "2604"]
[PlyCount "87"]
[EventDate "2021.02.02"]
[EventType "swiss (blitz)"]
[EventRounds "11"]
[EventCountry "USA"]
[SourceTitle "CBM 200 Extra"]
[Source "ChessBase"]
[SourceDate "2021.03.31"]
[SourceVersion "1"]
[SourceVersionDate "2021.03.31"]
[SourceQuality "1"]

1. d4 Nf6 2. c4 e6 3. Nf3 c5 4. d5 d6 5. Nc3 exd5 6. cxd5 g6 7. h3 Qe7 8. Bf4 a6 9. a4 Nbd7 10. e3 Bg7 11. Be2 0-0 12. 0-0 Rb8 13. Re1 Ne8 14. Nd2 Ne5 15. e4 Nc7 16. Bh2 b5 17. f4 Nd7 18. axb5 Nxb5 19. Rc1 Nd4 20. Bd3 Rxb2 21. Nc4 Rb4 22. e5 dxe5 23. fxe5 Rxc4 24. Bxc4 Nxe5 25. Bf1 Bf5 26. Kh1 h5 27. Bxa6 Qd6 28. Bf1 Rb8 29. Ne4 Bxe4 30. Rxe4 Re8 31. Qe1 f5 32. Re3 g5 33. Qd1 f4 34. Qxh5 Rf8 35. Rec3 Qf6 36. Rxc5 f3 37. Rc8 fxg2+ 38. Bxg2 Nd3 39. Rxf8+ Bxf8 40. Rf1 Nf2+ 41. Kg1 Bc5 42. Rxf2 Ne2+ 43. Qxe2 Qa1+ 44. Qf1 1-0

[Event "Titled Tuesday intern op 02nd Feb"]
[Site "Chess.com INT"]
[Date "2021.02.02"]
[Round "1"]
[White "Obregon, Carlos Andres"]
[Black "Juhasz, Kristof"]
[Result "0-1"]
[WhiteElo "2525"]
[BlackElo "2474"]
[PlyCount "72"]
[EventDate "2021.02.02"]
[EventType "swiss (blitz)"]
[EventRounds "11"]
[EventCountry "USA"]
[SourceTitle "CBM 200 Extra"]
[Source "ChessBase"]
[SourceDate "2021.03.31"]
[SourceVersion "1"]
[SourceVersionDate "2021.03.31"]
[SourceQuality "1"]

1. d4 d5 2. Nf3 Nf6 3. Bf4 c5 4. e3 Nc6 5. Nbd2 e6 6. c3 Bd6 7. Bg3 0-0 8. Bd3 b6 9. Qe2 Bb7 10. Rd1 Rc8 11. e4 Be7 12. e5 Nh5 13. Ng5 Bxg5 14. Qxh5 g6 15. Qe2 cxd4 16. h4 Bxd2+ 17. Qxd2 dxc3 18. bxc3 Qc7 19. h5 d4 20. Qh6 dxc3 21. hxg6 fxg6 22. Bxg6 hxg6 23. Qxg6+ Qg7 24. Qxe6+ Qf7 25. Qg4+ Qg7 26. Qc4+ Qf7 27. e6 Qg7 28. e7+ Rf7 29. Qe6 Re8 30. Rd7 Bc8 31. 0-0 Bxd7 32. Qxd7 Rexe7 33. Qxc6 Qd4 34. Qc8+ Kg7 35. Rc1 Rf8 36. Qc6 Qd2 0-1

[Event "Titled Tuesday intern op 12th Jan"]
[Site "Chess.com INT"]
[Date "2021.01.12"]
[Round "1"]
[White "Durarbayli, Vasif"]
[Black "Juhasz, Kristof"]
[Result "1-0"]
[WhiteElo "2606"]
[BlackElo "2474"]
[PlyCount "127"]
[EventDate "2021.01.12"]
[EventType "swiss (blitz)"]
[EventRounds "11"]
[EventCountry "USA"]
[SourceTitle "CBM 200 Extra"]
[Source "ChessBase"]
[SourceDate "2021.03.31"]
[SourceVersion "1"]
[SourceVersionDate "2021.03.31"]
[SourceQuality "1"]

1. d4 d5 2. c4 c6 3. Nf3 Nf6 4. e3 Bf5 5. Nc3 e6 6. Nh4 Bg6 7. Bd2 Nbd7 8. Qb3 Qb6 9. Nxg6 hxg6 10. c5 Qc7 11. 0-0-0 Be7 12. f3 b6 13. cxb6 axb6 14. Kb1 0-0 15. e4 Rfb8 16. g3 Qa7 17. h4 Nh5 18. Ne2 b5 19. g4 Nhf6 20. e5 Ne8 21. h5 gxh5 22. Rxh5 c5 23. Nc1 Qa4 24. Qxa4 bxa4 25. Bd3 g6 26. Rh3 Bf8 27. Rdh1 Bg7 28. Bh6 Bxh6 29. Rxh6 Kf8 30. Rh8+ Ke7 31. R1h7 Nf8 32. Rh2 Nd7 33. Ne2 a3 34. b3 cxd4 35. f4 Rc8 36. Nxd4 Rc3 37. Bc2 Rac8 38. R8h3 Rxh3 39. Rxh3 g5 40. fxg5 Nxe5 41. Nb5 Nd6 42. Nxa3 Rg8 43. g6 Nxg6 44. Kb2 Ne5 45. Nb1 Nxg4 46. a4 Ne5 47. Nc3 f5 48. a5 f4 49. Rh7+ Kf6 50. a6 f3 51. a7 f2 52. Rh1 Nf5 53. Rf1 Ra8 54. Rxf2 Rxa7 55. Bxf5 exf5 56. Nxd5+ Kg5 57. Nb4 Rb7 58. Rg2+ Ng4 59. Kc3 Rc7+ 60. Kd4 Rd7+ 61. Kc5 Rc7+ 62. Kd4 Rb7 63. Kc5 Rc7+ 64. Nc6 1-0

[Event "Titled Tuesday intern op 12th Jan"]
[Site "Chess.com INT"]
[Date "2021.01.12"]
[Round "3"]
[White "Mokshanov, Alexey"]
[Black "Juhasz, Kristof"]
[Result "1/2-1/2"]
[WhiteElo "2448"]
[BlackElo "2474"]
[PlyCount "58"]
[EventDate "2021.01.12"]
[EventType "swiss (blitz)"]
[EventRounds "11"]
[EventCountry "USA"]
[SourceTitle "CBM 200 Extra"]
[Source "ChessBase"]
[SourceDate "2021.03.31"]
[SourceVersion "1"]
[SourceVersionDate "2021.03.31"]
[SourceQuality "1"]

1. e4 e5 2. Nf3 Nf6 3. Nxe5 d6 4. Nf3 Nxe4 5. Nc3 Nf6 6. d4 Be7 7. Bd3 0-0 8. Ne2 c5 9. 0-0 Nc6 10. c3 Bg4 11. Ng3 cxd4 12. cxd4 Re8 13. h3 Bxf3 14. Qxf3 Nxd4 15. Qd1 Nc6 16. Nf5 Bf8 17. Bg5 d5 18. Qf3 Re6 19. Rfe1 Qd7 20. Nh6+ Kh8 21. Bf5 Nd4 22. Qd3 Nxf5 23. Nxf5 Rae8 24. Red1 Kg8 25. Bxf6 Rxf6 26. Ne3 Rd6 27. Nf5 Rf6 28. Ne3 Rd6 29. Nf5 Rf6 1/2-1/2

[Event "Titled Tuesday intern op 12th Jan"]
[Site "Chess.com INT"]
[Date "2021.01.12"]
[Round "11"]
[White "Siniauski, Artsiom"]
[Black "Juhasz, Kristof"]
[Result "1/2-1/2"]
[WhiteElo "2275"]
[BlackElo "2474"]
[PlyCount "122"]
[EventDate "2021.01.12"]
[EventType "swiss (blitz)"]
[EventRounds "11"]
[EventCountry "USA"]
[SourceTitle "CBM 200 Extra"]
[Source "ChessBase"]
[SourceDate "2021.03.31"]
[SourceVersion "1"]
[SourceVersionDate "2021.03.31"]
[SourceQuality "1"]

1. e4 c6 2. d4 d5 3. Nc3 dxe4 4. Nxe4 Nd7 5. Nf3 Ngf6 6. Ng3 e6 7. Bd3 c5 8. 0-0 cxd4 9. Nxd4 Be7 10. c3 0-0 11. Be3 a6 12. a4 Qc7 13. a5 Rd8 14. Qe2 Nd5 15. Bd2 Nf4 16. Bxf4 Qxf4 17. Rfe1 Nf6 18. Bc2 Bd7 19. Ne4 Rac8 20. Qd3 g6 21. Nxf6+ Qxf6 22. Qe4 Rb8 23. Rad1 Be8 24. Nf3 Bc6 25. Qe5 Bxf3 26. Qxf6 Bxf6 27. gxf3 Rxd1 28. Rxd1 b6 29. axb6 Rxb6 30. Rb1 Kf8 31. Kf1 Be5 32. h3 Ke7 33. Ke2 Kf6 34. Bd3 Kg5 35. Kd2 Kf4 36. Ke2 h5 37. Be4 f5 38. Bc2 Bf6 39. Bd3 h4 40. Bc2 e5 41. b4 Rc6 42. Rb3 e4 43. fxe4 fxe4 44. Ra3 Rxc3 45. Ra2 Rxh3 46. Rxa6 Kf5 47. Bxe4+ Kxe4 48. Rxf6 g5 49. b5 Ke5 50. Rg6 Kf5 51. Rc6 Rb3 52. b6 Kf4 53. Rh6 Kg4 54. Kf1 Kf3 55. Rf6+ Kg4 56. Kg2 h3+ 57. Kh2 Rb2 58. Kh1 Kh4 59. Kh2 Kg4 60. Kh1 Rb3 61. Kh2 Rb2 1/2-1/2

[Event "Titled Tuesday intern op 29th Dec"]
[Site "Chess.com INT"]
[Date "2020.12.29"]
[Round "7"]
[White "Costachi, Mihnea"]
[Black "Juhasz, Kristof"]
[Result "1/2-1/2"]
[WhiteElo "2471"]
[BlackElo "2474"]
[PlyCount "113"]
[EventDate "2020.12.29"]
[EventType "swiss (blitz)"]
[EventRounds "11"]
[EventCountry "USA"]
[SourceTitle "CBM 200 Extra"]
[Source "ChessBase"]
[SourceDate "2021.03.31"]
[SourceVersion "1"]
[SourceVersionDate "2021.03.31"]
[SourceQuality "1"]

1. d4 d5 2. c4 dxc4 3. Nf3 Nf6 4. e3 e6 5. Bxc4 c5 6. 0-0 a6 7. Nc3 Nc6 8. Bb3 Be7 9. d5 exd5 10. Nxd5 0-0 11. Nxe7+ Qxe7 12. h3 Ne4 13. Qe2 Bf5 14. Nd2 Rad8 15. Nxe4 Bxe4 16. Bc2 Rfe8 17. b3 Bxc2 18. Qxc2 Nb4 19. Qc3 Rd3 20. Qc4 Red8 21. Bb2 Rd2 22. Ba3 b5 23. Qc1 a5 24. Bxb4 axb4 25. a3 bxa3 26. Qxa3 b4 27. Qa5 g6 28. Qb6 Kg7 29. Ra7 Qd6 30. Qb5 Qd5 31. Rc7 Rc2 32. Qb6 Rd6 33. Qb8 Qxb3 34. Rxc5 Rxc5 35. Qxd6 Rd5 36. Qc6 Rd1 37. Rxd1 Qxd1+ 38. Kh2 Qa1 39. Qb5 Qc3 40. Kg3 b3 41. Kf3 b2 42. g4 Qf6+ 43. Ke2 Qc3 44. Kf3 h5 45. gxh5 gxh5 46. Qg5+ Kh8 47. Qxh5+ Kg8 48. Qg5+ Kh8 49. Qb5 Kg7 50. h4 Qc2 51. Qg5+ Kh8 52. Qh6+ Kg8 53. Qg5+ Kf8 54. Qd8+ Kg7 55. Qg5+ Kf8 56. Qd8+ Kg7 57. Qg5+ 1/2-1/2

[Event "AUT-chT 1920"]
[Site "Austria"]
[Date "2020.01.11"]
[Round "7.3"]
[White "Juhasz, Kristof"]
[Black "Blohberger, Felix"]
[Result "1/2-1/2"]
[WhiteElo "2470"]
[BlackElo "2439"]
[PlyCount "83"]
[EventDate "2019.10.10"]
[EventType "team-tourn"]
[EventRounds "11"]
[EventCountry "AUT"]
[SourceTitle "CBM 194 Extra"]
[Source "ChessBase"]
[SourceDate "2020.03.31"]
[SourceVersion "1"]
[SourceVersionDate "2020.03.31"]
[SourceQuality "1"]
[WhiteTeam "Bad Voeslau"]
[BlackTeam "Wien Ottakring"]
[WhiteTeamCountry "AUT"]
[BlackTeamCountry "AUT"]

1. Nf3 d5 2. d4 Nf6 3. c4 c6 4. cxd5 cxd5 5. Nc3 Nc6 6. Bf4 Bf5 7. e3 e6 8. Qb3 Qb6 9. Qxb6 axb6 10. Bb5 Nd7 11. Nh4 Bg4 12. h3 Bh5 13. g4 Bg6 14. Nxg6 hxg6 15. a3 Be7 16. Kf1 Nf6 17. Kg2 Kd7 18. Rhc1 Bd6 19. Na4 Bc7 20. Bxc7 Kxc7 21. Rc2 Ng8 22. Rac1 Nge7 23. f4 Ra5 24. b4 Ra7 25. Rc3 Rha8 26. Kg3 Rxa4 27. Bxa4 Rxa4 28. b5 Kd7 29. bxc6+ bxc6 30. Kf3 b5 31. h4 Ra6 32. Rg1 Ra8 33. h5 gxh5 34. gxh5 Nf5 35. Rgc1 Ne7 36. Rg1 Nf5 37. Rgc1 Ra6 38. Rb1 Nd6 39. Rg1 Nf5 40. Rb1 Nd6 41. Rg1 Nf5 42. Rb1 1/2-1/2

[Event "HUN-chT 1920"]
[Site "Hungary"]
[Date "2019.12.15"]
[Round "4.4"]
[White "Markus, Robert"]
[Black "Juhasz, Kristof"]
[Result "1/2-1/2"]
[WhiteElo "2602"]
[BlackElo "2449"]
[PlyCount "60"]
[EventDate "2019.11.16"]
[EventType "team-tourn"]
[EventRounds "9"]
[EventCountry "HUN"]
[SourceTitle "CBM 193 Extra"]
[Source "ChessBase"]
[SourceDate "2020.01.31"]
[SourceVersion "1"]
[SourceVersionDate "2020.01.31"]
[SourceQuality "1"]
[WhiteTeam "Aquaprofit"]
[BlackTeam "Budapest MTK"]
[WhiteTeamCountry "HUN"]
[BlackTeamCountry "HUN"]

1. d4 Nf6 2. c4 e6 3. Nf3 d5 4. e3 Be7 5. b3 0-0 6. Bd3 c5 7. 0-0 cxd4 8. exd4 b6 9. Na3 Bb7 10. Nc2 Nc6 11. Ne3 Rc8 12. Bb2 Nb4 13. Be2 h6 14. a3 Nc6 15. Rc1 dxc4 16. bxc4 Na5 17. Ne5 Qc7 18. Bf3 Bxf3 19. Nxf3 Rfd8 20. Qe2 Qf4 21. Rfd1 Nb3 22. Rb1 Na5 23. d5 Bc5 24. g3 Qe4 25. Bxf6 gxf6 26. Nd2 Qe5 27. Nf3 Qe4 28. Nd2 Qe5 29. Nf3 Qe4 30. Nd2 Qe5 1/2-1/2

[Event "AUT-chT 1920"]
[Site "Austria"]
[Date "2019.10.13"]
[Round "4.1"]
[White "Juhasz, Kristof"]
[Black "Walter, Stefan1"]
[Result "1-0"]
[WhiteElo "2438"]
[BlackElo "2394"]
[PlyCount "125"]
[EventDate "2019.10.10"]
[EventType "team-tourn"]
[EventRounds "11"]
[EventCountry "AUT"]
[SourceTitle "EXT 2020"]
[Source "ChessBase"]
[SourceDate "2019.10.17"]
[SourceVersion "1"]
[SourceVersionDate "2019.10.17"]
[SourceQuality "1"]
[WhiteTeam "Bad Voeslau"]
[BlackTeam "Goetzis"]
[WhiteTeamCountry "AUT"]
[BlackTeamCountry "AUT"]

1. d4 d5 2. c4 e6 3. Nc3 Be7 4. Nf3 Nf6 5. Bg5 h6 6. Bxf6 Bxf6 7. e3 c6 8. Rc1 Nd7 9. Bd3 dxc4 10. Bxc4 0-0 11. 0-0 e5 12. Bb3 exd4 13. exd4 Nb6 14. h3 Bf5 15. Re1 Re8 16. g4 Bg6 17. Qd2 Qd6 18. Rxe8+ Rxe8 19. Re1 Rxe1+ 20. Qxe1 Bxd4 21. Nxd4 Qxd4 22. Qe8+ Kh7 23. Bxf7 Bxf7 24. Qxf7 Nd5 25. Nxd5 cxd5 26. Qxb7 Qd1+ 27. Kg2 d4 28. Qe4+ Kh8 29. Qe8+ Kh7 30. Qe4+ Kh8 31. Qf3 Qd2 32. Qa8+ Kh7 33. Qxa7 d3 34. Qd4 Qd1 35. Qe4+ Kh8 36. Qf3 Qc2 37. Qa8+ Kh7 38. Qe4+ Kh8 39. a4 Qb3 40. a5 d2 41. a6 d1Q 42. a7 Qdd5 43. a8Q+ Qxa8 44. Qxa8+ Kh7 45. Qe4+ Kh8 46. Qd4 Qb7+ 47. Kg1 Qb3 48. Qc3 Qd1+ 49. Kg2 Qd5+ 50. Qf3 Qd4 51. b3 Qb4 52. Qa8+ Kh7 53. Qd5 Kh8 54. Qc4 Qb7+ 55. Kg1 Kh7 56. b4 Qf3 57. b5 Qxh3 58. Qe4+ Kh8 59. Qe8+ Kh7 60. Qe4+ Kh8 61. b6 Qb3 62. b7 Qb5 63. Kg2 1-0

[Event "AUT-chT 1920"]
[Site "Austria"]
[Date "2019.10.12"]
[Round "3.6"]
[White "Juhasz, Kristof"]
[Black "Saric, Ante"]
[Result "1/2-1/2"]
[WhiteElo "2438"]
[BlackElo "2557"]
[PlyCount "62"]
[EventDate "2019.10.10"]
[EventType "team-tourn"]
[EventRounds "11"]
[EventCountry "AUT"]
[SourceTitle "EXT 2020"]
[Source "ChessBase"]
[SourceDate "2019.10.17"]
[SourceVersion "1"]
[SourceVersionDate "2019.10.17"]
[SourceQuality "1"]
[WhiteTeam "Bad Voeslau"]
[BlackTeam "St Veit"]
[WhiteTeamCountry "AUT"]
[BlackTeamCountry "AUT"]

1. d4 Nf6 2. c4 e6 3. Nf3 b6 4. g3 Bb7 5. Bg2 Bb4+ 6. Bd2 Be7 7. Nc3 c6 8. e4 d5 9. exd5 cxd5 10. Ne5 0-0 11. 0-0 Nc6 12. Bg5 Rc8 13. Bxf6 Bxf6 14. cxd5 Nxe5 15. dxe5 Bxe5 16. dxe6 Bxg2 17. exf7+ Rxf7 18. Kxg2 Bxc3 19. bxc3 Qxd1 20. Rfxd1 Rxc3 21. Rd8+ Rf8 22. Rd2 Rc7 23. Re1 Rf5 24. Re4 Kf7 25. h4 h5 26. a4 Re7 27. Red4 g6 28. Rc2 Kg7 29. Rd6 Ref7 30. Rd4 Re7 31. Rd6 Ref7 1/2-1/2

[Event "AUT-chT2O 1819"]
[Site "Austria"]
[Date "2019.03.30"]
[Round "10.5"]
[White "Juhasz, Kristof"]
[Black "Hangweyrer, Manfred"]
[Result "1-0"]
[WhiteElo "2410"]
[BlackElo "2351"]
[PlyCount "69"]
[EventDate "2018.10.06"]
[EventType "team-tourn"]
[EventRounds "11"]
[EventCountry "AUT"]
[SourceTitle "CBM 189 Extra"]
[Source "ChessBase"]
[SourceDate "2019.05.31"]
[SourceVersion "1"]
[SourceVersionDate "2019.05.31"]
[SourceQuality "1"]
[WhiteTeam "Bad Voeslau"]
[BlackTeam "Austria"]
[WhiteTeamCountry "AUT"]
[BlackTeamCountry "AUT"]

1. Nf3 d5 2. g3 c6 3. Bg2 Bg4 4. 0-0 Nd7 5. d3 Ngf6 6. c4 dxc4 7. dxc4 Bxf3 8. exf3 e6 9. f4 Be7 10. Nc3 0-0 11. Qc2 Qc7 12. Bd2 a5 13. Rad1 Rfe8 14. a3 Nb6 15. Ne4 g6 16. Bc3 Nfd7 17. Qd2 a4 18. Qd4 f6 19. Bh3 e5 20. fxe5 fxe5 21. Qd2 Nc5 22. Qe2 Nxe4 23. Be6+ Kg7 24. Qxe4 Bf6 25. Bg4 Qe7 26. h4 h5 27. Be2 Nd7 28. Bd3 Nf8 29. Bc2 Qe6 30. Rfe1 b6 31. Bb4 c5 32. Bc3 Ra7 33. Rd5 Qf7 34. f4 Ne6 35. fxe5 1-0

[Event "HUN-chT2 Maroczy 1819"]
[Site "Hungary"]
[Date "2018.11.18"]
[Round "4.3"]
[White "Juhasz, Kristof"]
[Black "Zambo, Zoltan Istvan"]
[Result "1/2-1/2"]
[WhiteElo "2408"]
[BlackElo "2359"]
[PlyCount "87"]
[EventDate "2018.09.23"]
[EventType "team-tourn"]
[EventRounds "11"]
[EventCountry "HUN"]
[SourceTitle "EXT 2020"]
[Source "ChessBase"]
[SourceDate "2019.10.17"]
[SourceVersion "1"]
[SourceVersionDate "2019.10.17"]
[SourceQuality "1"]
[WhiteTeam "Budapest MTK"]
[BlackTeam "Lillafured DVTK II"]
[WhiteTeamCountry "HUN"]
[BlackTeamCountry "HUN"]

1. Nf3 d5 2. d4 c5 3. c4 e6 4. cxd5 exd5 5. Nc3 Nc6 6. e3 Nf6 7. Bb5 Ne4 8. 0-0 Nxc3 9. bxc3 a6 10. Bxc6+ bxc6 11. Ba3 Qa5 12. Qc1 Bd6 13. Nd2 Qc7 14. Bxc5 Bxh2+ 15. Kh1 h5 16. c4 Rh6 17. Nf3 Bd6 18. cxd5 cxd5 19. Bxd6 Qxd6 20. Qc2 Bg4 21. Ne5 Rc8 22. Qa4+ Bd7 23. Qa5 f6 24. Nxd7 Kxd7 25. Rab1 Ke6 26. Rb6 Rc6 27. Rfb1 Kf7 28. Rxc6 Qxc6 29. Rb6 Qd7 30. Rxa6 Qf5 31. Rd6 Qxf2 32. Qxd5+ Kg6 33. Qe4+ Kg5 34. Qf3 Qxf3 35. gxf3 Rh8 36. Rc6 Ra8 37. Rc2 Ra3 38. Re2 Kf5 39. Kg2 g5 40. e4+ Ke6 41. Kg3 Rd3 42. a4 Ra3 43. d5+ Ke5 44. Rd2 1/2-1/2